000 00914nam a2200301 i 4500
003 EG-GICUC
005 20260228093039.0
008 260228s1995 us ||||fr|||| 00| 0 eng d
020 _a0631196668
040 _aEG-GiCUC
_beng
_cEG-GiCUC
_dEG-GiCUC
_eRda
082 0 4 _221
_a341.48
_bPO
092 0 4 _221
099 _aLaw1 11 341.48 PO 1995
245 1 0 _aPolitics and Human Rights /
_cDavid Beetham.
_n
_b
264 1 _aCambriage :
_bBlackwell Publishers,
_c1995.
300 _a224page :
_billustration ;
_c 24 cm.
336 _2rda contenu
_a texte
337 _2rda medias
_aOrdinateur
338 _2 transporteur rda
_a Ressource en ligne
504 _a
546 _aText in English
650 1 4 _aPublic international law
_2
651 1 _2
700 1 _aBeetham, David
_eeditor.
856 4 0 _uhttps://fll.law.cu.edu.eg/fulltext/bks/B11-09199.pdf
905 _a50
942 _2ddc
_cBK
_e21
_n0
999 _c64347
_d64347